| 000 | 00816nam a22002297a 4500 | ||
|---|---|---|---|
| 999 |
_c157609 _d157609 |
||
| 005 | 20180920162219.0 | ||
| 010 | _aENG-124015 | ||
| 020 |
_a9788189762568 _c300.00 |
||
| 035 | _aEN-107547 | ||
| 037 | _bDBAD/PUB | ||
| 082 | _a338.95458 | ||
| 100 | _aFernandes, Walter | ||
| 245 |
_aThe development dilemma: _cby Walter Fernandes; Veronica Pala; Gita Bharali [and] Bitopi Dutta _bdisplacement in meghalaya 1947-2010 / |
||
| 260 |
_aGuwahati _c2016 _bNorth Eastern Social Research Centre |
||
| 270 |
_bGuwahati _aJagriti 2nd Floor, Arunadai Path, GMC Road, Christian Basti _e781005 |
||
| 300 |
_a396p. _c21(pbk.) _bill. |
||
| 490 | _aNESRC Displacement Series No. 3 | ||
| 700 | _a Pala,Veronica | ||
| 700 | _aBharali, Gita | ||
| 700 | _a Dutta, Bitopi | ||
| 942 |
_2ddc _cEN _h338.95458 _mFER |
||